Science Quiz

Random Science or Toys Quiz
Score 0/15 Timer 03:00
0 Plays Today
% Correct
Honey Bee
99.1%
Cow
99.1%
Lion
99%
Zebra
98.6%
Dog
97.9%
Tiger
97.7%
Reindeer
97.1%
Cat
97.1%
% Correct
Shark
96.9%
Ladybug
96.8%
Sheep
96%
Peacock
95.9%
Bull
95.6%
Horse
94%
Leopard
89.7%
Remove Ads.
Support Sporcle.
Get the best of Sporcle when you Go Orange. This ad-free experience offers more features, more stats, and more fun while also helping to support Sporcle. Thank you for becoming a member.

You're not logged in!

Compare scores with friends on all Sporcle quizzes.
OR
Log In

Sporcle TV

Today on Sporcle TV


Watch our educational content, quiz creation guides, and fun videos on Sporcle TV.

Show Comments

Extras

Top Quizzes Today


Score Distribution

Paid Content

Your Account Isn't Verified!

In order to create a playlist on Sporcle, you need to verify the email address you used during registration. Go to your Sporcle Settings to finish the process.

Report this User

Report this user for behavior that violates our Community Guidelines.

Details: